LEADER 06112nam 22009015 450 001 996478966403316 005 20220808173603.0 010 $a3-8394-6307-6 024 7 $a10.1515/9783839463079 035 $a(CKB)5700000000101072 035 $a(DE-B1597)627271 035 $a(DE-B1597)9783839463079 035 $a(NjHacI)995700000000101072 035 $a(EXLCZ)995700000000101072 100 $a20220729h20222022 fg 101 0 $ager 135 $aur||#|||||||| 181 $ctxt$2rdacontent 182 $cc$2rdamedia 183 $acr$2rdacarrier 200 01$a»Mehr Fortschritt wagen«? $eParteien, Personen, Milieus und Modernisierung: Regieren in Zeiten der Ampelkoalition /$fhrsg. von Knut Bergmann 210 1$aBielefeld :$ctranscript Verlag,$d[2022] 210 4$d©2022 215 $a1 online resource (492 p.) 225 0 $aX-Texte zu Kultur und Gesellschaft 320 $aIncludes bibliographical references. 327 $tFrontmatter --$tInhalt --$tDanksagung statt Vorwort --$tZum Ausgangspunkt des »Mehr Fortschritt wagen« --$tDie politikwissenschaftliche Perspektive (I): Koalitionsbildung --$tWählen und Regieren in der Coronakratie --$tBündnisse erzählen --$tDas personelle Profil der Ampel-Regierung --$tDer »Faktor Mensch« in Koalitionsbildung und Regierungshandeln --$tDie koalitionspolitische Seismografen-Funktion des Bundespräsidenten und die Wiederwahl von Frank-Walter Steinmeier --$tDie politikwissenschaftliche Perspektive (II): Regieren --$tNeue Berliner Republik --$tDie Politik der gerechten Transformation --$tFDP in der Ampel --$tWas bedeutet Fortschritt und was macht ihn möglich? --$tRegieren im Parteienbundesstaat --$tDie politikwissenschaftliche Perspektive (III): Opposition --$tErneuerungs- und Abnutzungsprozesse --$tVerpasste Chance --$tDIE LINKE im Irrgarten --$tWelchen Weg nehmen die »Rechten«? --$tDie AfD als neue Volkspartei des Ostens? --$tDie soziologische Perspektive: Lebenslagen, Lebensstile, Milieus und Werte --$tIn welchem Land wollen wir leben? --$tMilieus, Lebensstile, Werte --$tDie ökonomische Perspektive: Notwendigkeiten und Lösungen --$tDie Kamerun-Koalition --$tStrukturbrüche und Corona --$tWas kann Deutschland für seine Transformation von Vorbildern aus OECD-Staaten lernen? --$tAmbitioniertes Programm ? mit dem Risiko, erfolgreich zu scheitern --$tAutorinnen und Autoren 330 $aDie Ambitionen der Bundesregierung unter Kanzler Olaf Scholz scheinen klar umrissen: Deutschland grundlegend modernisieren! Doch der Rückhalt der pandemiemüden Bevölkerung ist der Ampelkoalition nicht garantiert. Die Beiträger*innen skizzieren ausgehend vom Koalitionsvertrag Perspektiven unserer Gesellschaft und Wirtschaft sowie unseres politischen Systems. Sie analysieren mit teils exklusiv erhobenen Daten vorherrschende Milieus und Lebensstile, beschreiben politische Konfliktfelder und volkswirtschaftliche Herausforderungen. Mit Expertisen im Feld der Politik, Sozialwissenschaft und Ökonomie liefern sie ein facettenreiches Bild der Bundesrepublik zu Beginn einer tiefgreifenden Transformation. 410 0$aX-Texte zu Kultur und Gesellschaft. 606 $aTraffic noise 610 $aDemocracy. 610 $aEconomy. 610 $aGermany. 610 $aLifestyle. 610 $aMarket Economy. 610 $aMilieu. 610 $aModernization. 610 $aParty. 610 $aPolitical Science. 610 $aPolitics. 610 $aSociety. 615 0$aTraffic noise. 676 $a614.78 702 $aBergmann$b Knut$4ctb$4https://id.loc.gov/vocabulary/relators/ctb 702 $aBergmann$b Knut$4edt$4http://id.loc.gov/vocabulary/relators/edt 702 $aBollmann$b Ralph$4ctb$4https://id.loc.gov/vocabulary/relators/ctb 702 $aBorgstedt$b Silke$4ctb$4https://id.loc.gov/vocabulary/relators/ctb 702 $aBrandt$b Nicola$4ctb$4https://id.loc.gov/vocabulary/relators/ctb 702 $aBruns$b Daniel$4ctb$4https://id.loc.gov/vocabulary/relators/ctb 702 $aCremer$b Georg$4ctb$4https://id.loc.gov/vocabulary/relators/ctb 702 $aDiermeier$b Matthias$4ctb$4https://id.loc.gov/vocabulary/relators/ctb 702 $aFalkner$b Thomas$4ctb$4https://id.loc.gov/vocabulary/relators/ctb 702 $aFröhlich$b Paulina$4ctb$4https://id.loc.gov/vocabulary/relators/ctb 702 $aGohl$b Christopher$4ctb$4https://id.loc.gov/vocabulary/relators/ctb 702 $aGrotz$b Florian$4ctb$4https://id.loc.gov/vocabulary/relators/ctb 702 $aHeinze$b Anna-Sophie$4ctb$4https://id.loc.gov/vocabulary/relators/ctb 702 $aHetrodt$b Ewald$4ctb$4https://id.loc.gov/vocabulary/relators/ctb 702 $aHüther$b Michael$4ctb$4https://id.loc.gov/vocabulary/relators/ctb 702 $aJarzebski$b Sebastian$4ctb$4https://id.loc.gov/vocabulary/relators/ctb 702 $aKlös$b Hans-Peter$4ctb$4https://id.loc.gov/vocabulary/relators/ctb 702 $aKorte$b Karl-Rudolf$4ctb$4https://id.loc.gov/vocabulary/relators/ctb 702 $aKüpper$b Moritz$4ctb$4https://id.loc.gov/vocabulary/relators/ctb 702 $aLewandowsky$b Marcel$4ctb$4https://id.loc.gov/vocabulary/relators/ctb 702 $aNiehues$b Judith$4ctb$4https://id.loc.gov/vocabulary/relators/ctb 702 $aRistau$b Malte$4ctb$4https://id.loc.gov/vocabulary/relators/ctb 702 $aRoose$b Jochen$4ctb$4https://id.loc.gov/vocabulary/relators/ctb 702 $aSchmedes$b Hans-Jörg$4ctb$4https://id.loc.gov/vocabulary/relators/ctb 702 $aSchroeder$b Wolfgang$4ctb$4https://id.loc.gov/vocabulary/relators/ctb 702 $aSchwickert$b Dominic$4ctb$4https://id.loc.gov/vocabulary/relators/ctb 702 $aVehrkamp$b Robert$4ctb$4https://id.loc.gov/vocabulary/relators/ctb 702 $aWeisskircher$b Manès$4ctb$4https://id.loc.gov/vocabulary/relators/ctb 712 02$aBMBF Fördervorhaben 16TOA002$4fnd$4http://id.loc.gov/vocabulary/relators/fnd 801 0$bDE-B1597 801 1$bDE-B1597 906 $aBOOK 912 $a996478966403316 996 $a»Mehr Fortschritt wagen«$92898699 997 $aUNISA LEADER 02759nam 2200697 a 450 001 9910957453603321 005 20251117005138.0 010 $a1-134-66409-5 010 $a0-203-78445-6 010 $a1-282-66705-X 010 $a9786612667053 010 $a1-4441-1913-3 024 7 $a10.4324/9780203784457 035 $a(CKB)2670000000031484 035 $a(EBL)564773 035 $a(OCoLC)650246947 035 $a(SSID)ssj0000416910 035 $a(PQKBManifestationID)12190795 035 $a(PQKBTitleCode)TC0000416910 035 $a(PQKBWorkID)10436437 035 $a(PQKB)10639020 035 $a(MiAaPQ)EBC564773 035 $a(Au-PeEL)EBL564773 035 $a(CaPaEBR)ebr10400341 035 $a(CaONFJC)MIL266705 035 $a(OCoLC)897447728 035 $a(OCoLC)56813207 035 $a(FINmELB)ELB157166 035 $a(EXLCZ)992670000000031484 100 $a20050106d2004 uy 0 101 0 $aeng 135 $aur|n|---||||| 181 $ctxt 182 $cc 183 $acr 200 10$aEnglish in modern times, 1700-1945 /$fJoan C. Beal 205 $a1st ed. 210 $aLondon $cArnold ;$aNew York $cDistributed in the U.S.A. by Oxford University Press$d2004 215 $a1 online resource (281 p.) 300 $aFirst published 2004 by Hodder Arnold. 311 08$a1-138-14406-1 311 08$a0-340-76117-2 320 $aIncludes bibliographical references (p. [221]-237) and indexes. 327 $aModern English and modern times -- The vocabulary of later modern English -- Recording and regulating the lexicon : dictionaries from Dr. Johnson to the Oxford English dictionary -- Syntactic change in later modern English -- Grammars and grammarians -- Phonological change in later modern English -- Defining the standard of pronunciation : pronouncing dictionaries and the rise of RP -- Beyond standard English : varieties of English in the later modern period. 330 $aEnglish in Modern Times describes the development of the English language from 1700 until 1945, and argues that it is in the course of this later modern English period that the characteristics of 'modern' English evolved. 517 1 $aEnglish in modern times 606 $aEnglish language$xHistory 606 $aEnglish language$xGrammar, Historical 606 $aEnglish language$xStandardization 615 0$aEnglish language$xHistory. 615 0$aEnglish language$xGrammar, Historical. 615 0$aEnglish language$xStandardization. 676 $a420/.9 700 $aBeal$b Joan C$0477454 801 0$bMiAaPQ 801 1$bMiAaPQ 801 2$bMiAaPQ 906 $aBOOK 912 $a9910957453603321 996 $aEnglish in modern times, 1700-1945$94484445 997 $aUNINA